000 00502nam a22001817a 4500
005 20251108164650.0
008 250721s1996 xx 000 0 ara d
082 1 4 _a811.909567/ولي
100 1 _aمشوح، وليد
245 1 0 _aالصورة الشعرية عند البردوني :
_bدراسة /
264 1 _aدمشق :
_c1996.
300 _a342ص
650 1 7 _aالشعر العربي
650 1 7 _aالنقد الأدبي
650 1 7 _aاليمن
942 _2ddc
_cBK
999 _c11288
_d11288